Enrique Heine

Gespeichert in:
Bibliographische Detailangaben
1. Verfasser: Untermeyer, Louis
Format: Buch
Sprache:Undetermined
Veröffentlicht: Buenos Aires, Argentina Juventud Argentina 1946
Schlagworte:
Tags: Tag hinzufügen
Keine Tags, Fügen Sie den ersten Tag hinzu!

MARC

LEADER 00000nam a2200000Ia 4500
008 170316s9999 xx 000 0 und d
040 |a cru BVZT 
090 |a 810 U-26e 
100 |a Untermeyer, Louis 
245 |a Enrique Heine 
260 |a Buenos Aires, Argentina 
260 |b Juventud Argentina 
260 |c 1946 
300 |a 344 páginas 
650 |a LITERATURA ESTADOUNIDENSE 
999 |c 6217  |d 6217 
942 |c 15 D  |h 810 U-26e  |2 z